|
|
|
|
| LEADER |
02344nam a2200421 a 4500 |
| 001 |
EBC717646 |
| 003 |
MiAaPQ |
| 005 |
20200520144314.0 |
| 006 |
m o d | |
| 007 |
cr cn||||||||| |
| 008 |
101029s2011 mauad sb 001 0 eng d |
| 010 |
|
|
|z 2010045694
|
| 020 |
|
|
|z 9789004188174 (hardback : alk. paper)
|
| 020 |
|
|
|a 9789004214811 (electronic bk.)
|
| 035 |
|
|
|a (MiAaPQ)EBC717646
|
| 035 |
|
|
|a (Au-PeEL)EBL717646
|
| 035 |
|
|
|a (CaPaEBR)ebr10470501
|
| 035 |
|
|
|a (CaONFJC)MIL311982
|
| 035 |
|
|
|a (OCoLC)727951615
|
| 040 |
|
|
|a MiAaPQ
|c MiAaPQ
|d MiAaPQ
|
| 043 |
|
|
|a a-cc---
|
| 050 |
|
4 |
|a HC430.P6
|b P68 2011
|
| 082 |
0 |
4 |
|a 338.951/07
|2 22
|
| 245 |
0 |
0 |
|a Poverty reduction and sustainable development in rural China
|h [electronic resource] /
|c edited by Zheng Yisheng.
|
| 260 |
|
|
|a Boston :
|b Brill,
|c c2011.
|
| 300 |
|
|
|a xxxvii, 360 p. :
|b ill.
|
| 490 |
1 |
|
|a Social scientific studies in reform era China,
|x 1879-7539 ;
|v v. 5
|
| 504 |
|
|
|a Includes bibliographical references and index.
|
| 505 |
0 |
|
|a The progress, experience, and prospects of western development / Lin Ling and Liu Shiqing -- Western development and China's development / Li Zhou -- The West and the challenges of market-oriented reform / Wang Xiaoyi -- Overexploitation of hydropower in Southwest China : the negative impacts on energy conservation and pollution control in China / Ma Jun -- Participatory poverty reduction in China : past and prospects / Han Wei -- The progress of poverty alleviation in the rural West / Li Zhou -- The ecological situation in western China -- And response strategies / Yu Changqing -- Development and ecological compensation in western China / Zhang Shiqiu and An Shumin -- Women's development and environmental conservation in western China / Ren Xiaodong, Huang Xiao, and Cai Kui.
|
| 533 |
|
|
|a Electronic reproduction. Ann Arbor, MI : ProQuest, 2015. Available via World Wide Web. Access may be limited to ProQuest affiliated libraries.
|
| 650 |
|
0 |
|a Poverty
|z China.
|
| 650 |
|
0 |
|a Rural development
|z China.
|
| 651 |
|
0 |
|a China
|x Economic policy.
|
| 655 |
|
4 |
|a Electronic books.
|
| 700 |
1 |
|
|a Yisheng, Zheng.
|
| 710 |
2 |
|
|a ProQuest (Firm)
|
| 830 |
|
0 |
|a Social scientific studies in reform era China ;
|v v. 5.
|
| 856 |
4 |
0 |
|u https://ebookcentral.proquest.com/lib/matrademy/detail.action?docID=717646
|z Click to View
|